000 00817nam a2200241Ia 4500
001 11036
003 GE_BSU
008 181216s||||||||xx |||||||||||||| ||und||
020 _a9785238017327
040 _cGE_BSU
080 _a332(100)(075.8)
100 _aДергачев,В.А. Вардомский,Л.Б.
245 _aРегионоведение
245 _bУчеб.Пособие для студентов вузов,обучающихся по специальностям "Регионоведение","Международные отношения.
250 _a2-е изд,перераб.и доп.
260 _aМосква
260 _bЮнити-Дана
260 _c2014.
300 _a519стр,22см.
541 _h44л.
653 _aРегионоведение
942 _cBK
999 _c44278
_d44278